header

Biosolids applied to land (Record no. 44108)

MARC details
000 -LEADER
fixed length control field 01483nam a22003254a 4500
082 04 - DEWEY DECIMAL CLASSIFICATION NUMBER
Classification number 628.3/64
245 00 - TITLE STATEMENT
Title Biosolids applied to land
260 ## - PUBLICATION, DISTRIBUTION, ETC. (IMPRINT)
Place of publication Washington, D.C. :
Name of publisher National Academies Press,
Year of publication c2002.
300 ## - PHYSICAL DESCRIPTION
Number of Pages xviii, 345 p. :
Other physical details ill.
650 #0 - SUBJECT ADDED ENTRY--TOPICAL TERM
Topical Term Land treatment of wastewater.
Topical Term Sewage sludge
Topical Term Sewage disposal in the ground
Topical Term Sewage disposal plants
Topical Term Health risk assessment
856 40 - ELECTRONIC LOCATION AND ACCESS
Uniform Resource Identifier http://site.ebrary.com/lib/rucke/Doc?id=10071528

No items available.

© 2026 Rongo University
Contact us: librarian | system librarian | Rongo university